Guess the Lyrics #44 - Statistics

General Stats
  • This quiz has been taken 2,002 times
    1,268 since last reset
  • The average score is 150 of 348
Answer Stats
Lyrics % Correct
I
99%
a
98%
You
95%
you
95%
you?
95%
the
90%
me
86%
and
80%
And
80%
when
80%
it
79%
love
79%
do
78%
your
76%
We
73%
we
73%
be
72%
can
68%
in
68%
on
68%
go
67%
go?
67%
is
67%
what
67%
What
67%
so
65%
So
65%
for
62%
you're
59%
You're
59%
I'm
56%
They
56%
they
56%
how
53%
if
51%
Don't
50%
know?
49%
of
49%
can't
48%
not
48%
there
48%
like
47%
could
45%
too
45%
all
41%
want
41%
but
40%
say
38%
them
38%
got
34%
or
34%
girl
33%
up
31%
get
29%
boy
28%
I've
27%
been
26%
down,
26%
they're
25%
out
24%
said,
24%
You've
23%
you've
23%
more
22%
live
21%
Because
20%
look
20%
wanna
20%
thing,
18%
She's
17%
she's
17%
'Cause
16%
face
16%
put
16%
Ah,
14%
ah,
14%
babe,
10%
Hey
10%
let's
10%
stay
10%
tonight
10%
Hot
9%
hard
8%
dancing
7%
mess
7%
sure
7%
dress
6%
dress,
6%
fast
6%
mother
6%
Ooh,
6%
ooh,
6%
wrong
6%
alright
5%
enough,
5%
enough
5%
Looks
5%
Rebel
5%
Rebel,
5%
ain't
4%
Rebel Rebel - David Bowie
4%
tramp,
4%
whirl
4%
ya?
4%
child,
3%
divine
3%
hair's
3%
torn
3%
bands
2%
count
2%
line
2%
playing
2%
tacky
2%
wire
2%
Calamity's
1%
cue
1%
dudes
1%
handful
1%
juvenile
1%
ludes
1%
success
1%
test
1%
transmission
1%
Where'd
1%
chi-chi,
0%
No matching quizzes found
Score Distribution
Percent of People with Each Score
Percentile by Number Answered
Your Score History
You have not taken this quiz since the last reset